| 000 | 00000nam 2200000za 4500 |
| 001 | 9.867525 |
| 003 | CaOODSP |
| 005 | 20221107162333 |
| 007 | cr ||||||||||| |
| 008 | 190123s2019 onc o f000 0 fre d |
| 040 | |aCaOODSP|bfre |
| 043 | |an-cn--- |
| 086 | 1 |aYN5-168/2019F-PDF |
| 245 | 00|aComparaison des projections à long terme du DPB et du ministère des Finances Canada |h[ressource électronique]. |
| 260 | |aOttawa : |bBureau du Directeur parlementaire du budget, |c2019. |
| 300 | |a10 p. |
| 500 | |aPubl. aussi en anglais sous le titre : PBO and Finance Canada long-term projection comparison. |
| 500 | |a«17 janvier 2019.» |
| 504 | |aComprend des références bibliographiques. |
| 520 | |a«Les projections à long terme sont un élément essentiel à la transparence budgétaire et à l’analyse de la viabilité. Le présent rapport compare les projections économiques et financières à long terme préparées, en 2018, par Finances Canada et le DPB» --Résumé, p. 1. |
| 692 | 07|2gccst|aPolitique fiscale |
| 692 | 07|2gccst|aPrévision économique |
| 710 | 1 |aCanada. |bBureau du Directeur parlementaire du budget. |
| 775 | 08|tPBO and Finance Canada long-term projection comparison |w(CaOODSP)9.867524 |
| 856 | 40|qPDF|s344 Ko|uhttps://publications.gc.ca/collections/collection_2019/dpb-pbo/YN5-168-2019-fra.pdf |